Traducir a Gramsci /

Un clásico del pensamiento teórico-social del siglo XX, Antonio Gramsci, se ha vuelto ya un punto de referencia habitual en Cuba. Para muchos el primer acto de lectura de obras gramcianas suele traer aparejado el descubrimiento de que se trata de textos de difícil comprensión. Algunos, sin darse cue...

Mô tả đầy đủ

Đã lưu trong:
Chi tiết về thư mục
Tác giả chính: Acanda González, Jorge Luis
Định dạng: Texto
Ngôn ngữ:Spanish
Được phát hành: La Habana: Política. Ciencias Sociales 2007
Những chủ đề:
Các nhãn: Thêm thẻ
Không có thẻ, Là người đầu tiên thẻ bản ghi này!

MARC

LEADER 00000 a a2200000 04500
001 37845
003 cru CIDCACS/IIS
005 20230606094924.0
008 230606e2007 cu ||||| |||| 00| 0 spa d
020 |a 978-959-06-0945-9  
040 |c CRAI/IIS 
090 |a 03.03.01 A168t  
100 |a Acanda González, Jorge Luis  
245 |a Traducir a Gramsci /  |c Jorge Luis Acanda González 
260 |a La Habana:   |b Política. Ciencias Sociales   |c 2007 
300 |a 292 páginas 
500 |a El ejemplar es una fotocopia 
520 |a Un clásico del pensamiento teórico-social del siglo XX, Antonio Gramsci, se ha vuelto ya un punto de referencia habitual en Cuba. Para muchos el primer acto de lectura de obras gramcianas suele traer aparejado el descubrimiento de que se trata de textos de difícil comprensión. Algunos, sin darse cuenta, tratan de interpretarlos desde marcos referenciales desacertados y llegan a una percepción deformada de sus concepciones. Para poder entender no solo a favor de qué luchó Gramsci, sino también contra qué y contra quiénes enfiló su pensamiento, o la significación específica que ciertas problemáticas y ciertos términos adquirían en sus circunstancias históricas, es preciso conocer la época en que vivió, los desafíos políticos y teóricos que enfrentó, las características del pensamiento y del entorno intelectual y de luchas prácticas de su época. A facilitar esta comprensión, fundamental para la imprescindible tarea de apropiación de la herencia gramsciana, está dedicado este libro  
650 |a MARXISMO  
650 |a CULTURA  
650 |a TEORIA SOCIAL  
942 |2 ddc  |c LI  |h 03.03.01 A168t   |i 04982  |6 030301_A168T_04982 
999 |c 7981  |d 7981